| 000 | 00415nam a2200133Ia 4500 | ||
|---|---|---|---|
| 005 | 20260328104305.0 | ||
| 008 | 260328s9999||||xx |||||||||||||| ||und|| | ||
| 100 | _aFigueroa Castrejón, Aníbal | ||
| 245 | 0 |
_aEl Arte de Ver con Inocencia : _b Pláticas con Luis Barragán / _cAníbal Figueroa Castrejón |
|
| 260 | _bUniversidad Autónoma Metropolitana | ||
| 300 | _a135 p. | ||
| 650 | _aARQUITECTOS | ||
| 942 | _cBK | ||
| 999 |
_c10738 _d10738 |
||